Moons by Picture Quiz - Statistics

General Stats
  • This quiz has been taken 54 times
  • The average score is 11 of 14
Answer Stats
Picture Answer % Correct
Moon
100%
Titan
94%
Europa
91%
Deimos
83%
Ganymede
83%
Io
83%
Phobos
83%
Callisto
80%
Mimas
71%
Triton
69%
Charon
66%
Titania
66%
Iapetus
57%
Rhea
54%
No matching quizzes found
Score Distribution
Percent of People with Each Score
Percentile by Number Answered
Your Score History
You have not taken this quiz